000 00433nam a2200181Ia 4500
005 20230127135509.0
008 131103s9999 xx 000 0 und d
040 _aLoreto College
041 _aEnglish
082 _a833
_bHEY
100 _aHeym Stefan
245 4 _aThe lenz papers
_cStefan Heym
260 _aBartin
_bSeven Seas Pub.
_c1968
300 _a552 p.
440 _aSeven Seas Books
850 _aLCLIB
942 _cBK
999 _c5400
_d55879